| 000 | 00590nam a2200181 a 4500 | ||
|---|---|---|---|
| 001 | 000028589 | ||
| 005 | 20200930055027.0 | ||
| 008 | 110411s2009 dr a 000 0 spa d | ||
| 020 | _a9789945868838 | ||
| 040 |
_aDO-SdBNP _bspa _cBNPHU |
||
| 082 |
_axxxx _bU42j |
||
| 100 | 1 |
_aUlloa, Andréés, _d1976- _955543 |
|
| 245 | 1 | 0 |
_aJosefina y los acertijos / _cAndrés Ulloa. |
| 260 |
_aPuerto Plata, República Dominicana : _bEdiciones Ronovación _bFundación Brugal, _c2009. |
||
| 300 |
_a46 p. : _bil. ; _c20 cm. |
||
| 586 | _aPremio Delia Quezada, género literatura infantil | ||
| 049 | _aBNPD | ||
| 999 |
_c28081 _d28081 |
||